| 000 | 01431cam a2200349 a 4500 | ||
|---|---|---|---|
| 001 | 16313015 | ||
| 003 | OSt | ||
| 005 | 20171107185913.0 | ||
| 008 | 100701s2010 dcuab b 001 0 eng | ||
| 010 | _a 2010027722 | ||
| 020 | _a9781849712231 (hardback) | ||
| 040 |
_aDLC _cDLC _dDLC |
||
| 082 | 0 | 0 |
_a333.75 _222 _bTRA 2010 |
| 245 | 0 | 0 |
_aTransborder governance of forests, rivers, and seas / _cedited by Wil de Jong, Denyse Snelder, and Noboru Ishikawa. |
| 260 |
_aWashington, DC : _bEarthscan, _c2010. |
||
| 300 |
_axvii, 217 p. : _bill., maps ; _c25 cm. |
||
| 504 | _aIncludes bibliographical references (p. [181]-203) and index. | ||
| 650 | 0 |
_aConservation of natural resources _xInternational cooperation. _912244 |
|
| 650 | 0 |
_aConservation of natural resources _xInternational cooperation _vCase studies. _912245 |
|
| 650 | 0 |
_aForest conservation. _91191 |
|
| 650 | 0 |
_aForest conservation _vCase studies. _912246 |
|
| 650 | 0 |
_aStream conservation. _912247 |
|
| 650 | 0 |
_aStream conservation _vCase studies. _912248 |
|
| 650 | 0 |
_aMarine resources conservation. _912249 |
|
| 650 | 0 |
_aMarine resources conservation _vCase studies. _912250 |
|
| 700 | 1 |
_aJong, Wil de. _912251 |
|
| 700 | 1 |
_aSnelder, Denyse J. _912252 |
|
| 700 | 1 |
_aIshikawa, Noboru. _912253 |
|
| 906 |
_a7 _bcbc _corignew _d1 _eecip _f20 _gy-gencatlg |
||
| 942 |
_2ddc _cO_SHELF |
||
| 999 |
_c5876 _d5876 |
||